Tremendous Trifles (Record no. 237392)
[ view plain ]
| 000 -LEADER | |
|---|---|
| fixed length control field | 01592cam a22002413a 4500 |
| 001 - CONTROL NUMBER | |
| control field | 8092 |
| 003 - CONTROL NUMBER IDENTIFIER | |
| control field | PGUSA |
| 005 - DATE AND TIME OF LATEST TRANSACTION | |
| control field | 20140828083152.0 |
| 008 - FIXED-LENGTH DATA ELEMENTS--GENERAL INFORMATION | |
| fixed length control field | 050501s2005||||xxu|||||s|||||000 e eng d |
| 040 ## - CATALOGING SOURCE | |
| Original cataloging agency | PGUSA |
| Language of cataloging | eng |
| 042 ## - AUTHENTICATION CODE | |
| Authentication code | dc |
| 050 #4 - LIBRARY OF CONGRESS CALL NUMBER | |
| Classification number | PR |
| 100 1# - MAIN ENTRY--PERSONAL NAME | |
| Personal name | Chesterton, G. K. |
| Fuller form of name | (Gilbert Keith), |
| Dates associated with a name | 1874-1936 |
| 245 10 - TITLE STATEMENT | |
| Title | Tremendous Trifles |
| Medium | [electronic resource] / |
| Statement of responsibility, etc | G. K. Chesterton |
| 260 ## - PUBLICATION, DISTRIBUTION, ETC. (IMPRINT) | |
| Name of publisher, distributor, etc | Project Gutenberg, |
| Date of publication, distribution, etc | 2005 |
| 505 0# - FORMATTED CONTENTS NOTE | |
| Formatted contents note | Preface -- Tremendous trifles -- A piece of chalk -- The secret of a train -- The perfect game -- The extraordinary cabman -- An accident -- The advantages of having one leg -- The end of the world -- In the Place de La Bastille -- On lying in bed -- The twelve men -- The wind and the trees -- The Dickensian -- In topsy-turvy land -- What I found in my pocket -- The dragon's grandmother -- The red angel -- The tower -- How I met the president -- The giant -- A great man -- The orthodox barber -- The toy theatre -- A tragedy of twopence -- A cab ride across country -- The two noises -- Some policemen and a moral -- The lion -- Humanity: an interlude -- The little birds who won't sing -- The riddle of the ivy -- The travellers in state -- The prehistoric railway station -- The diabolist -- A glimpse of my country -- A somewhat improbable story -- The shop of ghosts -- The ballade of a strange town -- The mystery of a pageant. |
| 506 ## - RESTRICTIONS ON ACCESS NOTE | |
| Terms governing access | Public domain in the USA. |
| 516 ## - TYPE OF COMPUTER FILE OR DATA NOTE | |
| Type of computer file or data note | Electronic text |
| 653 ## - INDEX TERM--UNCONTROLLED | |
| Uncontrolled term | English essays |
| 830 #0 - SERIES ADDED ENTRY--UNIFORM TITLE | |
| Uniform title | Project Gutenberg |
| Volume number/sequential designation | 8092 |
| 856 40 - ELECTRONIC LOCATION AND ACCESS | |
| Uniform Resource Identifier | <a href="http://www.gutenberg.org/ebooks/8092">http://www.gutenberg.org/ebooks/8092</a> |
| 942 ## - ADDED ENTRY ELEMENTS (KOHA) | |
| Koha item type | eBooks |
| Withdrawn status | Lost status | Damaged status | Home library | Current library | Date acquired | Total Checkouts | Date last seen | Price effective from | Koha item type |
|---|---|---|---|---|---|---|---|---|---|
| Project Gutenberg | Project Gutenberg | 08/28/2014 | 08/28/2014 | 08/28/2014 | eBooks |